00510nam a22001217a 4500003000400000005001700004008004100021040000900062111005600071245015300127260006700280650004100347OSt20130613100057.0130516s2006 sp ||||| |||| 00| 0 cat d cCDMR2 aCongrés de Ràdio MunicipalcBarcelonad2006n3r10aCap a un nou escenari en la comunicació de proximitatb: memòria del III Congrés de Ràdio Municipal : Barcelona, 10 i 11 de novembre de 2006 a[Barcelona]bFederació de Ràdios Locals de Catalunyac200604aRàdio localzCatalunyavCongressos